[Event "Taastrup Quick Weekend 10th B1"]
[Site "Taastrup"]
[Date "2009.10.03"]
[Round "2"]
[White "Andreasen, Rene"]
[Black "Holst, Lasse"]
[Result "1/2-1/2"]
[WhiteElo "1769"]
[BlackElo "1721"]
[PlyCount "32"]
[EventDate "2009.10.02"]
[EventType "tourn"]
[EventRounds "5"]
[EventCountry "DEN"]
[SourceTitle "EXT 2023"]
[Source "ChessBase"]
[SourceDate "2022.10.05"]
[SourceVersion "1"]
[SourceVersionDate "2022.10.05"]
[SourceQuality "1"]

1. d4 d5 2. Nf3 Nf6 3. e3 e6 4. Nbd2 Be7 5. Bd3 0-0 6. 0-0 Nbd7 7. Qe2 c5 8. c3 b6 9. e4 dxe4 10. Nxe4 Bb7 11. dxc5 Bxe4 12. Bxe4 Nxe4 13. Qxe4 Nf6 14. Qe5 Bxc5 15. Bg5 Be7 16. Rad1 Qb8 1/2-1/2

[Event "Fyn-ch"]
[Site "Odense"]
[Date "2008.03.06"]
[Round "6"]
[White "Jensen, Jakob1"]
[Black "Andreasen, Rene"]
[Result "1-0"]
[WhiteElo "1578"]
[BlackElo "1670"]
[PlyCount "99"]
[EventDate "2008.01.10"]
[EventType "swiss"]
[EventRounds "7"]
[EventCountry "DEN"]
[SourceTitle "EXT 2018"]
[Source "ChessBase"]
[SourceDate "2017.10.13"]
[SourceVersion "1"]
[SourceVersionDate "2017.10.13"]
[SourceQuality "1"]

1. e4 c6 2. d4 d5 3. exd5 cxd5 4. Bd3 Nc6 5. c3 Nf6 6. f3 e6 7. Bg5 Bd6 8. Qc2 h6 9. Bh4 Qc7 10. Ne2 Nh5 11. Nd2 Bxh2 12. Nf1 Bd6 13. 0-0-0 Nf4 14. Nxf4 Bxf4+ 15. Kb1 Bd7 16. g3 Bd6 17. Qe2 Ne7 18. Ne3 Bc6 19. c4 dxc4 20. Bxc4 Rg8 21. g4 g5 22. Bf2 Rh8 23. d5 Bd7 24. Rc1 e5 25. Bg3 Ng6 26. Bd3 Qd8 27. Nc4 Qf6 28. Rce1 Nf4 29. Bxf4 gxf4 30. g5 Qe7 31. Nxd6+ Qxd6 32. Qxe5+ Qxe5 33. Rxe5+ Kf8 34. gxh6 Re8 35. Rxe8+ Kxe8 36. h7 f5 37. Rh5 Ke7 38. Kc2 Kf6 39. Kc3 Kg6 40. Rh4 Rxh7 41. Rxh7 Kxh7 42. Kd4 Kg6 43. Ke5 Be8 44. Kd6 Kf6 45. Kc7 Ke5 46. d6 Ke6 47. Bc4+ Ke5 48. d7 Bxd7 49. Kxd7 Kd4 50. Bf7 1-0

[Event "Fyn-ch"]
[Site "Odense"]
[Date "2008.02.21"]
[Round "5"]
[White "Madsen, Michael Bohring"]
[Black "Andreasen, Rene"]
[Result "1-0"]
[WhiteElo "1917"]
[BlackElo "1670"]
[PlyCount "69"]
[EventDate "2008.01.10"]
[EventType "swiss"]
[EventRounds "7"]
[EventCountry "DEN"]
[SourceTitle "EXT 2018"]
[Source "ChessBase"]
[SourceDate "2017.10.13"]
[SourceVersion "1"]
[SourceVersionDate "2017.10.13"]
[SourceQuality "1"]

1. e4 c6 2. d4 d5 3. e5 c5 4. Nf3 Nc6 5. dxc5 Bg4 6. Bb5 e6 7. b4 Nge7 8. c3 Ng6 9. Qa4 Qc7 10. Nbd2 Ngxe5 11. Nd4 a6 12. f4 Rc8 13. 0-0 axb5 14. Nxb5 Qd7 15. fxe5 Nxe5 16. Re1 Nd3 17. Re3 Nxc1 18. Rxc1 Bh5 19. c4 d4 20. Re4 Be7 21. Rxd4 Qc6 22. Nd6+ Bxd6 23. Qxc6+ Rxc6 24. cxd6 Kd7 25. Ne4 b6 26. b5 Rcc8 27. c5 bxc5 28. Nxc5+ Kd8 29. Nb7+ Kd7 30. Rdc4 Rxc4 31. Rxc4 Rc8 32. Rxc8 Kxc8 33. Nc5 Be2 34. b6 Bb5 35. a4 1-0

[Event "Taastrup Quick Weekend 5th B1"]
[Site "Taastrup"]
[Date "2007.04.22"]
[Round "4"]
[White "Andreasen, Rene"]
[Black "Hansen, Soren Otto"]
[Result "1/2-1/2"]
[WhiteElo "1602"]
[BlackElo "1527"]
[PlyCount "55"]
[EventDate "2007.04.20"]
[EventType "tourn"]
[EventRounds "5"]
[EventCountry "DEN"]
[SourceTitle "EXT 2023"]
[Source "ChessBase"]
[SourceDate "2022.10.05"]
[SourceVersion "1"]
[SourceVersionDate "2022.10.05"]
[SourceQuality "1"]

1. d4 Nf6 2. Bg5 e6 3. Nf3 d5 4. e3 Be7 5. Bd3 Nbd7 6. Nbd2 c5 7. c3 0-0 8. 0-0 c4 9. Bc2 b5 10. a3 Bb7 11. Ne5 Ne4 12. Bxe7 Qxe7 13. Nxd7 Qxd7 14. Nxe4 dxe4 15. Qh5 f5 16. g3 Rf6 17. Qg5 h6 18. Qf4 Rd8 19. Rfd1 g5 20. Qe5 Rdf8 21. Rf1 Bd5 22. Kg2 f4 23. g4 fxe3 24. fxe3 Rxf1 25. Rxf1 Rxf1 26. Kxf1 Qf7+ 27. Kg1 Qf3 28. Qg3 1/2-1/2

[Event "Taastrup Quick Weekend 5th B1"]
[Site "Taastrup"]
[Date "2007.04.20"]
[Round "1"]
[White "Andreasen, Rene"]
[Black "Ryberg, Denis"]
[Result "1/2-1/2"]
[WhiteElo "1602"]
[BlackElo "1360"]
[PlyCount "95"]
[EventDate "2007.04.20"]
[EventType "tourn"]
[EventRounds "5"]
[EventCountry "DEN"]
[SourceTitle "EXT 2023"]
[Source "ChessBase"]
[SourceDate "2022.10.05"]
[SourceVersion "1"]
[SourceVersionDate "2022.10.05"]
[SourceQuality "1"]

1. d4 Nf6 2. Bg5 Ne4 3. Bf4 d5 4. f3 Nd6 5. e3 Nc6 6. Bd3 Nb4 7. Nc3 Bf5 8. Bxf5 Nxf5 9. a3 Nc6 10. g4 Nh4 11. Bg3 e6 12. Qe2 a6 13. Qf2 Be7 14. Nge2 h5 15. gxh5 Rxh5 16. 0-0-0 Bd6 17. Bxh4 Qxh4 18. Qxh4 Rxh4 19. Rdg1 g6 20. Rg4 Rh3 21. Ng1 Rxh2 22. Rxh2 Bxh2 23. Nge2 Bd6 24. Rh4 Ke7 25. Nd1 Na5 26. Nec3 Nc4 27. Nb1 b5 28. Nd2 c6 29. Nxc4 dxc4 30. c3 c5 31. Kc2 cxd4 32. cxd4 a5 33. Nc3 b4 34. axb4 axb4 35. Ne4 Rc8 36. Rh7 Bc7 37. Ng5 b3+ 38. Kc1 Rf8 39. Ne4 Bd6 40. Nxd6 Kxd6 41. Kd2 e5 42. Kc3 exd4+ 43. Kxd4 Rc8 44. Kc3 Ke6 45. Rh4 f5 46. Rxc4 Rxc4+ 47. Kxc4 g5 48. Kd4 1/2-1/2

[Event "Faxe EMT"]
[Site "Faxe"]
[Date "2003.04.23"]
[Round "5"]
[White "Andreasen, Rene"]
[Black "Eriksen, Knud"]
[Result "0-1"]
[WhiteElo "1100"]
[BlackElo "1297"]
[PlyCount "104"]
[EventDate "2003.03.19"]
[EventType "swiss"]
[EventRounds "7"]
[EventCountry "DEN"]
[SourceTitle "EXT 2023"]
[Source "ChessBase"]
[SourceDate "2022.10.05"]
[SourceVersion "1"]
[SourceVersionDate "2022.10.05"]
[SourceQuality "1"]

1. g3 d5 2. Bg2 Nf6 3. Nf3 e6 4. d4 c5 5. 0-0 Nc6 6. e3 b6 7. Qe2 Bb7 8. Nc3 c4 9. a3 a6 10. b3 b5 11. b4 Bd6 12. e4 dxe4 13. Nxe4 Nxe4 14. Qxe4 Be7 15. c3 0-0 16. Qg4 f5 17. Qh5 Qe8 18. Qxe8 Raxe8 19. Ne5 Nd8 20. Nd7 Rf7 21. Bxb7 Nxb7 22. Re1 Bd8 23. Bf4 Rxd7 24. Ra2 Kf7 25. h3 h6 26. g4 g5 27. Bh2 fxg4 28. hxg4 Kg6 29. Rae2 Rde7 30. Kg2 Kf7 31. f4 Rg8 32. Kf3 Rg6 33. f5 exf5 34. gxf5 g4+ 35. Kg2 Rg5 36. Bf4 Rxe2+ 37. Rxe2 Rxf5 38. Bxh6 Bg5 39. Bxg5 Rxg5 40. Rf2+ Kg6 41. Rf8 Nd6 42. Kg3 Ne4+ 43. Kf4 Nxc3 44. Ra8 Ne2+ 45. Ke3 Nc1 46. Rxa6+ Kh5 47. a4 bxa4 48. Rxa4 g3 49. Kd2 g2 50. Kxc1 g1Q+ 51. Kc2 Rg2+ 52. Kc3 Qc1# 0-1

[Event "Faxe EMT"]
[Site "Faxe"]
[Date "2003.03.19"]
[Round "1"]
[White "Andreasen, Rene"]
[Black "Eckert, Svend"]
[Result "0-1"]
[WhiteElo "1100"]
[BlackElo "1585"]
[PlyCount "92"]
[EventDate "2003.03.19"]
[EventType "swiss"]
[EventRounds "7"]
[EventCountry "DEN"]
[SourceTitle "EXT 2023"]
[Source "ChessBase"]
[SourceDate "2022.10.05"]
[SourceVersion "1"]
[SourceVersionDate "2022.10.05"]
[SourceQuality "1"]

1. e4 c6 2. Nf3 d5 3. exd5 cxd5 4. d4 Nc6 5. Nc3 Nf6 6. Bd3 g6 7. 0-0 Bg7 8. a3 Bg4 9. h3 Bxf3 10. Qxf3 Nxd4 11. Bb5+ Nxb5 12. Nxb5 a6 13. Nc3 0-0 14. b3 Ne4 15. Nxe4 dxe4 16. Qxe4 Bxa1 17. Bg5 Bf6 18. f4 Qd4+ 19. Qxd4 Bxd4+ 20. Kh1 f6 21. Bh6 Rfc8 22. c4 b5 23. Rd1 e5 24. fxe5 fxe5 25. cxb5 axb5 26. a4 bxa4 27. bxa4 Rxa4 28. Rb1 Ra1 29. Rxa1 Bxa1 30. Kh2 e4 31. Kg3 Be5+ 32. Bf4 Bxf4+ 33. Kxf4 Rc2 34. g3 Rc3 35. h4 e3 36. Kf3 Kf7 37. g4 Ke6 38. Ke2 Ke5 39. Kf3 h5 40. g5 Kf5 41. Kg3 Ke4 42. Kg2 Rc2+ 43. Kf1 Kf3 44. Kg1 e2 45. Kh2 e1Q+ 46. Kh3 Qg3# 0-1